000 01268nam a22003497a 4500
003 CHAP
005 20220329135402.0
008 971013s1963 r 00010 d
010 _a35455
011 _a36427
035 _a40546
040 _cCHAP
090 _aTesis
100 0 0 _aPaillés Bouchéz, Carlos Antonio.
_984747
245 _aPlaneación y anteproyecto de las obras necesarias para habilitar predios agropecuarios en la cuenca media del río Tesechoacán, estado de Veracruz
260 _aMéxico, D.F. :
_bEl autor,
_c1963
300 _a100 h.
_b: ilus. ; gráfs. ; mapa
502 _aTesis (Ing. Civil) -- UNAM. Facultad de Ingeniería
590 _aALEPH
_b10
_c20130110
_lUCH01
_h1301
590 _aBATCH-UPD
_b10
_c20130110
_lUCH01
_h0323
590 _aBATCH-UPD
_b10
_c20130110
_lUCH01
_h2237
590 _aBATCH-UPD
_b10
_c20130409
_lUCH01
_h2356
590 _aBATCH-UPD
_b10
_c20130410
_lUCH01
_h1532
590 _aBATCH-UPD
_b10
_c20130914
_lUCH01
_h1657
590 _aCONVERSION
_b10
_c20130109
_lUCH01
_h1320
650 1 4 _aIrrigación
_xProyectos
_xVeracruz.
_960473
650 1 4 _aRío Tesechoacán.
_999151
650 1 4 _aTierras
_xRecuperación de
_xVeracruz.
_9113127
901 _aBK
942 _cTESIS
949 _bBC
_cTES
_d-92616
_eTS1
_i40546
_si
999 _c35455
_d35455